|
|
|
|
| LEADER |
00000nam0a2200000 4500 |
| 001 |
672545 |
| 005 |
20240522112347.0 |
| 035 |
|
|
|a (RuTPU)RU\TPU\retro\2301
|
| 090 |
|
|
|a 672545
|
| 100 |
|
|
|a 20240517d1964 k||y0rusy50 ca
|
| 101 |
0 |
|
|a rus
|
| 102 |
|
|
|a KZ
|
| 105 |
|
|
|a a z 001zy
|
| 181 |
|
0 |
|a i
|b e
|
| 182 |
|
0 |
|a n
|
| 183 |
|
0 |
|a nc
|2 RDAcarrier
|
| 200 |
1 |
|
|a Химия и технология минеральных удобрений и природных солей
|f Академия наук Казахской ССР (АН КазССР), Институт химических наук; отв. А. Б. Бектуров
|
| 203 |
|
|
|a Текст
|b визуальный
|c непосредственный
|
| 210 |
|
|
|a Алма-Ата
|c Изд-во АН Казахской ССР
|d 1964
|
| 215 |
|
|
|a 181 с.
|c ил.
|
| 225 |
1 |
|
|a Труды института химических наук
|v Т. 10
|
| 283 |
|
|
|a volume
|2 RDAcarrier
|
| 320 |
|
|
|a Библиогр. в конце ст.
|
| 606 |
1 |
|
|a Минеральные удобрения
|x Производство
|2 stltpush
|3 (RuTPU)RU\TPU\subj\21014
|9 86002
|
| 606 |
1 |
|
|a Соли природные
|9 54773
|
| 610 |
1 |
|
|a физико-химические исследования
|
| 610 |
1 |
|
|a технологические исследования
|
| 610 |
1 |
|
|a перспективные водоемы
|
| 610 |
1 |
|
|a гидрохимический режим
|
| 610 |
1 |
|
|a Казахстан
|
| 610 |
1 |
|
|a природные воды
|
| 610 |
1 |
|
|a озерные осадки
|
| 610 |
1 |
|
|a фосфориты
|
| 610 |
1 |
|
|a Каратау
|
| 675 |
|
|
|a 661.152
|v 4
|
| 675 |
|
|
|a 661.42
|v 4
|
| 702 |
1 |
|
|4 340
|a Бектуров
|b А. Б.
|
| 712 |
0 |
2 |
|a Академия наук Казахской ССР
|b Институт химических наук
|3 (RuTPU)RU\TPU\col\11297
|9 25024
|
| 801 |
|
1 |
|a RU
|b 63413507
|c 20240517
|
| 801 |
|
2 |
|a RU
|b 63413507
|c 20181224
|g RCR
|
| 942 |
|
|
|c CR
|